[Event "Croatian junior league 2021"]
[Site "Rabac"]
[Date "2021.04.10"]
[Round "9.22"]
[White "Mandaric, Fran"]
[Black "Stjepic, Borna"]
[Result "1/2-1/2"]
[WhiteElo "1684"]
[BlackElo "1825"]
[Annotator "NA RC"]
[PlyCount "62"]
[EventDate "2021.04.06"]
[EventType "swiss"]
[EventCountry "CRO"]
[SourceTitle "playchess.com"]
[Source "ChessBase"]
[SourceQuality "1"]
[TimeControl "5400+30"]

{[%evp 13,54,20,32767,32767,32767,10,0,10,32,30,32767,32767,32767,32767,32767,32767,41,32767,27,18,50,-8,77,61,125,16,79,72,32767,32767,32767,32767,32767,11,10,15,6,6,10,0,53,32767,-8]} 1. e4 {[%emt 0:00:00]} c5 {[%emt 0:00:00]} 2. Nf3 {[%emt 0:00:00]} d6 {[%emt 0:00:00]} 3. c3 {[%emt 0:00:00]} Nf6 {[%emt 0:00:01]} 4. Bd3 {[%emt 0:00:00]} g6 {[%emt 0:01:45]} 5. Bc2 {[%emt 0:00:06]} Bg7 {[%emt 0:00:06]} 6. O-O {[%emt 0:00:13]} O-O {[%emt 0:00:11]} 7. d4 {[%emt 0:01:03]} Bg4 {[%emt 0:03:25]} 8. Nbd2 {[%emt 0:05:29]} cxd4 {[%emt 0:04:53]} 9. cxd4 {[%emt 0:00:41]} Nc6 {[%emt 0:00:09]} 10. h3 {[%emt 0:00:38]} Bxf3 {[%emt 0:01:33]} 11. Nxf3 {[%emt 0:00:07]} Rc8 {[%emt 0:02:23]} 12. Re1 {[%emt 0:02:18]} Nd7 {[%emt 0:02:38]} 13. Be3 {[%emt 0:04:03]} a5 {[%emt 0:03:54]} 14. a3 {[%emt 0:05:10]} e5 {[%emt 0:04:18]} 15. Bb3 {[%emt 0:04:28]} exd4 {[%emt 0:06:02]} 16. Nxd4 {[%emt 0:05:57]} Nc5 {[%emt 0:13:22]} 17. Nxc6 {[%emt 0:07:28]} Rxc6 {[%emt 0:02:00]} (17... bxc6 $11 {remains equal.} 18. Bxc5 dxc5) 18. Bd5 {[%emt 0:01:05]} Rb6 {[%emt 0:00:45]} (18... Rc7 $14) 19. Bd4 {[%emt 0:00:21]} ({White should play} 19. e5 $16) 19... Re8 {[%emt 0:02:45]} (19... Bxd4 $11 20. Qxd4 Ne6 21. Bxe6 fxe6) 20. Bxg7 {[%emt 0:08:27]} Kxg7 {[%emt 0:00:01]} 21. Qd4+ {[%emt 0:00:14]} Qf6 {[%emt 0:01:15]} 22. Qxf6+ {[%emt 0:03:02]} Kxf6 {[%emt 0:00:03]} 23. Re3 {[%emt 0:07:45]} Kg7 {[%emt 0:04:23]} 24. b3 {[%emt 0:03:04]} f5 {[%emt 0:05:35]} 25. f3 {[%emt 0:06:21]} fxe4 {[%emt 0:02:59]} 26. fxe4 {[%emt 0:00:18]} Rf8 {[%emt 0:03:40]} 27. Rf1 {[%emt 0:02:21]} Rxf1+ $11 {[%emt 0:03:00]} 28. Kxf1 {[%emt 0:00:07]} Kf6 {[%emt 0:00:27]} 29. Ke2 {[%emt 0:00:28]} Ke5 {[%emt 0:00:40]} 30. g3 {[%emt 0:04:11]} Ne6 {[%emt 0:02:43]} 31. Bxe6 {[%emt 0:02:59]} Kxe6 {[%emt 0:00:02]} 1/2-1/2

[Event "Croatian junior league 2021"]
[Site "Rabac"]
[Date "2021.04.10"]
[Round "9.23"]
[White "Vukojevic, Toni"]
[Black "Juric, Ester"]
[Result "1-0"]
[WhiteElo "1538"]
[BlackElo "1587"]
[Annotator "NA RC"]
[PlyCount "141"]
[EventDate "2021.04.06"]
[EventType "swiss"]
[EventCountry "CRO"]
[SourceTitle "playchess.com"]
[Source "ChessBase"]
[SourceQuality "1"]
[TimeControl "5400+30"]

1. e4 {[%emt 0:00:00]} c5 {[%emt 0:00:00]} 2. Nf3 {[%emt 0:00:00]} d6 {[%emt 0:00:00]} 3. c3 {[%emt 0:00:00]} Nf6 {[%emt 0:00:00]} 4. Bd3 {[%emt 0:00:00]} Nc6 {[%emt 0:00:00]} 5. Bc2 {[%emt 0:00:00]} Bg4 {[%emt 0:00:24]} 6. h3 {[%emt 0:00:25]} Bh5 {[%emt 0:00:05]} 7. d3 {[%emt 0:00:31]} e6 {[%emt 0:00:31]} 8. Bg5 {[%emt 0:01:36]} Be7 {[%emt 0:00:53]} 9. Bxf6 {[%emt 0:01:04]} Bxf6 {[%emt 0:00:14]} 10. Nbd2 {[%emt 0:00:16]} O-O {[%emt 0:04:41]} 11. g4 {[%emt 0:02:26]} Bg6 {[%emt 0:00:19]} 12. h4 {[%emt 0:00:11]} h6 {[%emt 0:00:12]} 13. h5 {[%emt 0:00:13]} Bh7 {[%emt 0:00:04]} 14. Qe2 {[%emt 0:00:49]} b5 {[%emt 0:04:20]} 15. Rc1 {[%emt 0:02:48]} a5 {[%emt 0:06:56]} 16. a4 {[%emt 0:01:17]} b4 {[%emt 0:06:37]} 17. Bb3 {[%emt 0:00:41]} bxc3 {[%emt 0:02:25]} 18. bxc3 {[%emt 0:00:03]} Rb8 {[%emt 0:00:43]} 19. O-O {[%emt 0:01:01]} Qe7 {[%emt 0:08:38]} 20. Bc4 {[%emt 0:03:29]} Rfc8 {[%emt 0:12:45]} 21. Bb5 {[%emt 0:01:22]} Qc7 {[%emt 0:04:36]} 22. Qe3 {[%emt 0:07:13]} Qd8 {[%emt 0:02:41]} 23. Rfe1 {[%emt 0:03:59]} Kh8 {[%emt 0:06:39]} 24. Nb3 {[%emt 0:07:45]} Na7 {[%emt 0:06:12]} 25. c4 {[%emt 0:00:52]} Nc6 {[%emt 0:00:40]} 26. Nfd2 {[%emt 0:12:09]} e5 {[%emt 0:02:09]} 27. Bxc6 {[%emt 0:06:43]} Rxc6 {[%emt 0:00:01]} 28. Ra1 {[%emt 0:00:28]} Bg5 {[%emt 0:01:35]} 29. Qf3 {[%emt 0:01:14]} Bxd2 {[%emt 0:01:08]} 30. Nxd2 {[%emt 0:00:12]} Rb2 {[%emt 0:01:20]} 31. Nf1 {[%emt 0:00:15]} Kg8 {[%emt 0:00:09]} 32. Ne3 {[%emt 0:01:01]} Rcb6 {[%emt 0:05:32]} 33. Nd5 {[%emt 0:01:11]} R6b3 {[%emt 0:00:43]} 34. Re2 {[%emt 0:00:56]} Rb1+ {[%emt 0:01:13]} 35. Rxb1 {[%emt 0:00:25]} Rxb1+ {[%emt 0:00:02]} 36. Kg2 {[%emt 0:06:48]} Qh4 {[%emt 0:00:20]} 37. Ne3 {[%emt 0:00:13]} Qh1+ {[%emt 0:13:36]} 38. Kg3 {[%emt 0:00:07]} Qxf3+ {[%emt 0:03:33]} 39. Kxf3 {[%emt 0:00:11]} Rb4 {[%emt 0:00:02]} 40. Ra2 {[%emt 0:00:12]} g6 {[%emt 0:00:18]} 41. Nd5 {[%emt 0:00:17]} Rb3 {[%emt 0:00:36]} 42. Ke3 {[%emt 0:00:31]} Kg7 {[%emt 0:02:23]} 43. hxg6 {[%emt 0:00:30]} fxg6 {[%emt 0:00:00]} 44. Ne7 {[%emt 0:00:21]} Kf6 {[%emt 0:00:23]} 45. Nc6 {[%emt 0:00:08]} Kg5 {[%emt 0:01:29]} 46. f3 {[%emt 0:00:16]} h5 {[%emt 0:00:47]} 47. gxh5 {[%emt 0:00:15]} gxh5 {[%emt 0:00:03]} 48. Na7 {[%emt 0:04:48]} Bg8 {[%emt 0:02:10]} 49. Rg2+ {[%emt 0:00:12]} Kh4 {[%emt 0:00:18]} 50. Rxg8 {[%emt 0:00:13]} Rb4 {[%emt 0:00:09]} 51. Nb5 {[%emt 0:00:12]} Rxa4 {[%emt 0:00:06]} 52. Nxd6 {[%emt 0:00:05]} Ra1 {[%emt 0:00:07]} 53. Nf5+ {[%emt 0:00:47]} Kh3 {[%emt 0:00:07]} 54. Rg5 {[%emt 0:00:06]} a4 {[%emt 0:00:48]} 55. Rxh5+ {[%emt 0:01:15]} Kg2 {[%emt 0:00:06]} 56. Rg5+ {[%emt 0:01:24]} Kh2 {[%emt 0:00:41]} 57. Kd2 {[%emt 0:00:42]} a3 {[%emt 0:00:16]} 58. Rg8 {[%emt 0:01:14]} a2 {[%emt 0:01:31]} 59. Ra8 {[%emt 0:00:08]} Rg1 {[%emt 0:00:39]} 60. Ne3 {[%emt 0:00:52]} a1=Q {[%emt 0:00:40]} 61. Rxa1 {[%emt 0:00:03]} Rxa1 {[%emt 0:00:13]} 62. Ng4+ {[%emt 0:00:09]} Kg3 {[%emt 0:00:07]} 63. Nxe5 {[%emt 0:00:04]} Kf4 {[%emt 0:00:11]} 64. Nd7 {[%emt 0:00:28]} Ra5 {[%emt 0:00:17]} 65. e5 {[%emt 0:00:35]} Kxf3 {[%emt 0:00:27]} 66. e6 {[%emt 0:00:05]} Ra2+ {[%emt 0:00:04]} 67. Kc3 {[%emt 0:00:07]} Re2 {[%emt 0:00:59]} 68. Nxc5 {[%emt 0:00:10]} Kf4 {[%emt 0:00:20]} 69. Kd4 {[%emt 0:00:09]} Kf5 {[%emt 0:00:15]} 70. Kd5 {[%emt 0:00:25]} Re5+ {[%emt 0:00:10]} 71. Kd6 {[%emt 0:00:06]} 1-0

[Event "Croatian junior league 2021"]
[Site "Rabac"]
[Date "2021.04.10"]
[Round "10.1"]
[White "Karlusic, Luka"]
[Black "Colev, Ivor"]
[Result "0-1"]
[WhiteElo "2047"]
[BlackElo "1847"]
[Annotator "NA"]
[PlyCount "80"]
[EventDate "2021.04.06"]
[EventType "swiss"]
[EventCountry "CRO"]
[SourceTitle "playchess.com"]
[Source "ChessBase"]
[SourceQuality "1"]
[TimeControl "5400+30"]

1. d4 {[%emt 0:00:00]} f5 {[%emt 0:00:00]} 2. c4 {[%emt 0:00:00]} Nf6 {[%emt 0:00:00]} 3. Nc3 {[%emt 0:00:00]} e6 {[%emt 0:01:46]} 4. e3 {[%emt 0:00:14]} Bb4 {[%emt 0:00:05]} 5. Bd3 {[%emt 0:00:06]} O-O {[%emt 0:00:07]} 6. Nge2 {[%emt 0:00:05]} b6 {[%emt 0:01:55]} 7. O-O {[%emt 0:00:12]} Bxc3 {[%emt 0:00:06]} 8. Nxc3 {[%emt 0:00:38]} Bb7 {[%emt 0:00:10]} 9. Qc2 {[%emt 0:01:25]} d6 {[%emt 0:05:07]} 10. e4 {[%emt 0:09:55]} Nc6 {[%emt 0:03:57]} 11. d5 {[%emt 0:12:57]} Nb4 {[%emt 0:04:39]} 12. Qe2 {[%emt 0:04:36]} Nxd3 {[%emt 0:00:07]} 13. Qxd3 {[%emt 0:00:02]} fxe4 {[%emt 0:00:16]} 14. Nxe4 {[%emt 0:05:47]} exd5 {[%emt 0:02:52]} 15. cxd5 {[%emt 0:00:42]} Nxd5 {[%emt 0:01:09]} 16. Ng5 {[%emt 0:00:09]} Nf6 {[%emt 0:05:14]} 17. Ne6 {[%emt 0:03:34]} Qd7 {[%emt 0:00:32]} 18. Nxf8 {[%emt 0:00:25]} Rxf8 {[%emt 0:00:06]} 19. f3 {[%emt 0:03:41]} d5 {[%emt 0:04:03]} 20. Bg5 {[%emt 0:03:12]} c5 {[%emt 0:06:06]} 21. Rfe1 {[%emt 0:04:13]} d4 {[%emt 0:03:03]} 22. Bxf6 {[%emt 0:07:12]} Rxf6 {[%emt 0:00:09]} 23. Rad1 {[%emt 0:01:28]} Rf8 {[%emt 0:03:02]} 24. Qe2 {[%emt 0:02:12]} Rd8 {[%emt 0:04:25]} 25. b3 {[%emt 0:03:27]} b5 {[%emt 0:17:25]} 26. Qe6+ {[%emt 0:14:54]} Qxe6 {[%emt 0:01:35]} 27. Rxe6 {[%emt 0:00:01]} c4 {[%emt 0:02:55]} 28. Re7 {[%emt 0:01:41]} Bc6 {[%emt 0:02:40]} 29. Rc7 {[%emt 0:06:10]} Rd6 {[%emt 0:01:24]} 30. Kf2 {[%emt 0:00:28]} c3 {[%emt 0:02:04]} 31. Ke2 {[%emt 0:03:14]} b4 {[%emt 0:04:14]} 32. Kd3 {[%emt 0:01:38]} Bb5+ {[%emt 0:01:14]} 33. Rc4 {[%emt 0:01:10]} Bxc4+ {[%emt 0:01:35]} 34. bxc4 {[%emt 0:00:03]} Ra6 {[%emt 0:09:30]} 35. c5 {[%emt 0:00:55]} Rxa2 {[%emt 0:01:34]} 36. Kc4 {[%emt 0:00:02]} c2 {[%emt 0:01:30]} 37. Rc1 {[%emt 0:00:25]} Ra3 {[%emt 0:02:02]} 38. Rxc2 {[%emt 0:00:37]} Rc3+ {[%emt 0:00:09]} 39. Rxc3 {[%emt 0:00:08]} dxc3 {[%emt 0:00:06]} 40. Kb3 {[%emt 0:00:12]} Kf7 {[%emt 0:00:08]} 0-1

[Event "Croatian junior league 2021"]
[Site "Rabac"]
[Date "2021.04.10"]
[Round "10.2"]
[White "Perko, Bartol"]
[Black "Mahecic, Lovre"]
[Result "1/2-1/2"]
[WhiteElo "1766"]
[BlackElo "1958"]
[Annotator "NA"]
[PlyCount "113"]
[EventDate "2021.04.06"]
[EventType "swiss"]
[EventCountry "CRO"]
[SourceTitle "playchess.com"]
[Source "ChessBase"]
[SourceQuality "1"]
[TimeControl "5400+30"]

1. c4 {[%emt 0:00:00]} Nf6 {[%emt 0:00:00]} 2. Nc3 {[%emt 0:00:00]} e5 {[%emt 0:00:00]} 3. g3 {[%emt 0:00:00]} c6 {[%emt 0:00:00]} 4. Bg2 {[%emt 0:00:57]} d5 {[%emt 0:00:18]} 5. cxd5 {[%emt 0:00:46]} cxd5 {[%emt 0:00:06]} 6. d3 {[%emt 0:00:11]} Nc6 {[%emt 0:00:15]} 7. Bg5 {[%emt 0:02:16]} Bb4 {[%emt 0:03:04]} 8. a3 {[%emt 0:01:17]} Bxc3+ {[%emt 0:00:28]} 9. bxc3 {[%emt 0:00:03]} Be6 {[%emt 0:00:15]} 10. Nf3 {[%emt 0:04:03]} h6 {[%emt 0:00:26]} 11. Bd2 {[%emt 0:00:52]} e4 {[%emt 0:01:05]} 12. Ng1 {[%emt 0:01:13]} Qd7 {[%emt 0:10:44]} 13. dxe4 {[%emt 0:05:37]} dxe4 {[%emt 0:00:53]} 14. Be3 {[%emt 0:00:26]} Qc7 {[%emt 0:05:40]} 15. Nh3 {[%emt 0:07:00]} g5 {[%emt 0:00:34]} 16. O-O {[%emt 0:04:27]} Qc8 {[%emt 0:00:42]} 17. Bd4 {[%emt 0:00:08]} Nxd4 {[%emt 0:13:31]} 18. Qxd4 {[%emt 0:00:52]} Qd8 {[%emt 0:00:15]} 19. Qe5 {[%emt 0:14:27]} Qe7 {[%emt 0:00:57]} 20. Rab1 {[%emt 0:02:00]} Bxh3 {[%emt 0:03:16]} 21. Qxe7+ {[%emt 0:00:08]} Kxe7 {[%emt 0:00:06]} 22. Bxh3 {[%emt 0:00:15]} b6 {[%emt 0:00:13]} 23. Bf5 {[%emt 0:03:26]} Rad8 {[%emt 0:01:24]} 24. Rfd1 {[%emt 0:00:21]} Rd6 {[%emt 0:06:34]} 25. Rxd6 {[%emt 0:02:58]} Kxd6 {[%emt 0:00:04]} 26. Rd1+ {[%emt 0:00:45]} Ke5 {[%emt 0:00:44]} 27. g4 {[%emt 0:01:36]} h5 {[%emt 0:01:54]} 28. h3 {[%emt 0:00:32]} hxg4 {[%emt 0:00:28]} 29. hxg4 {[%emt 0:00:10]} Re8 {[%emt 0:06:00]} 30. e3 {[%emt 0:06:31]} Re7 {[%emt 0:00:10]} 31. Rd4 {[%emt 0:00:16]} Rc7 {[%emt 0:00:20]} 32. c4 {[%emt 0:00:07]} Rc5 {[%emt 0:01:13]} 33. a4 {[%emt 0:08:01]} Ra5 {[%emt 0:00:13]} 34. Bd7 {[%emt 0:00:07]} Nxd7 {[%emt 0:00:15]} 35. Rxd7 {[%emt 0:00:03]} f5 {[%emt 0:02:58]} 36. gxf5 {[%emt 0:00:35]} Kxf5 {[%emt 0:00:07]} 37. Kg2 {[%emt 0:05:18]} Rxa4 {[%emt 0:00:13]} 38. Kg3 {[%emt 0:00:47]} Rxc4 {[%emt 0:04:19]} 39. Rxa7 {[%emt 0:00:15]} b5 {[%emt 0:01:17]} 40. Rb7 {[%emt 0:00:07]} Rc5 {[%emt 0:00:53]} 41. Rb6 {[%emt 0:01:48]} Rd5 {[%emt 0:01:54]} 42. Kh3 {[%emt 0:00:26]} Rc5 {[%emt 0:03:31]} 43. Kg3 {[%emt 0:00:07]} Ke5 {[%emt 0:00:11]} 44. Kg4 {[%emt 0:01:38]} Kd5 {[%emt 0:00:53]} 45. Kxg5 {[%emt 0:00:58]} Kc4+ {[%emt 0:00:15]} 46. Kf4 {[%emt 0:00:02]} b4 {[%emt 0:00:51]} 47. Kxe4 {[%emt 0:00:21]} b3 {[%emt 0:00:32]} 48. f4 {[%emt 0:02:11]} Kc3 {[%emt 0:00:56]} 49. f5 {[%emt 0:02:50]} Rc4+ {[%emt 0:00:29]} 50. Ke5 {[%emt 0:00:11]} Rb4 {[%emt 0:03:35]} 51. Rxb4 {[%emt 0:00:26]} Kxb4 {[%emt 0:00:06]} 52. f6 {[%emt 0:00:01]} b2 {[%emt 0:00:11]} 53. f7 {[%emt 0:00:03]} b1=Q {[%emt 0:00:19]} 54. f8=Q+ {[%emt 0:00:07]} Kc3 {[%emt 0:00:16]} 55. Qc5+ {[%emt 0:00:37]} Kd2 {[%emt 0:00:58]} 56. Qd4+ {[%emt 0:00:32]} Ke2 {[%emt 0:00:35]} 57. Qc4+ {[%emt 0:03:22]} 1/2-1/2

[Event "Croatian junior league 2021"]
[Site "Rabac"]
[Date "2021.04.10"]
[Round "10.3"]
[White "Novosel, Lovro"]
[Black "Poljan, Max"]
[Result "1/2-1/2"]
[WhiteElo "1997"]
[BlackElo "1573"]
[Annotator "NA"]
[PlyCount "56"]
[EventDate "2021.04.06"]
[EventType "swiss"]
[EventCountry "CRO"]
[SourceTitle "playchess.com"]
[Source "ChessBase"]
[SourceQuality "1"]
[TimeControl "5400+30"]

1. Nf3 {[%emt 0:00:00]} d5 {[%emt 0:00:00]} 2. c4 {[%emt 0:00:07]} e6 {[%emt 0:00:00]} 3. g3 {[%emt 0:00:15]} Nf6 {[%emt 0:00:02]} 4. d4 {[%emt 0:00:06]} dxc4 {[%emt 0:00:10]} 5. Bg2 {[%emt 0:00:24]} Bb4+ {[%emt 0:00:09]} 6. Bd2 {[%emt 0:00:06]} a5 {[%emt 0:00:20]} 7. Qc2 {[%emt 0:01:42]} b5 {[%emt 0:00:49]} 8. a4 {[%emt 0:03:03]} c6 {[%emt 0:03:38]} 9. axb5 {[%emt 0:00:56]} Bxd2+ {[%emt 0:00:31]} 10. Qxd2 {[%emt 0:00:10]} cxb5 {[%emt 0:00:37]} 11. Qg5 {[%emt 0:00:23]} b4 {[%emt 0:05:15]} 12. Qxg7 {[%emt 0:04:03]} Rg8 {[%emt 0:01:15]} 13. Qh6 {[%emt 0:00:06]} Bb7 {[%emt 0:03:59]} 14. O-O {[%emt 0:00:53]} Nbd7 {[%emt 0:08:40]} 15. Rc1 {[%emt 0:02:16]} Rc8 {[%emt 0:10:03]} 16. Nbd2 {[%emt 0:14:23]} Bd5 {[%emt 0:07:21]} 17. Re1 {[%emt 0:04:32]} c3 {[%emt 0:03:21]} 18. bxc3 {[%emt 0:00:12]} bxc3 {[%emt 0:00:05]} 19. Nb1 {[%emt 0:02:27]} Qb6 {[%emt 0:06:41]} 20. Qc1 {[%emt 0:05:34]} Ne4 {[%emt 0:06:44]} 21. e3 {[%emt 0:04:40]} Qb7 {[%emt 0:22:13]} 22. Nh4 {[%emt 0:09:08]} Qb2 {[%emt 0:04:14]} 23. Rxa5 {[%emt 0:06:39]} Qxf2+ {[%emt 0:01:25]} 24. Kh1 {[%emt 0:00:04]} Nxg3+ {[%emt 0:05:57]} 25. hxg3 {[%emt 0:00:05]} Bxg2+ {[%emt 0:00:44]} 26. Nxg2 {[%emt 0:00:05]} Rxg3 {[%emt 0:00:15]} 27. Nf4 {[%emt 0:00:54]} Qf3+ {[%emt 0:01:25]} 28. Kh2 {[%emt 0:00:04]} Qf2+ {[%emt 0:00:29]} 1/2-1/2

[Event "Croatian junior league 2021"]
[Site "Rabac"]
[Date "2021.04.10"]
[Round "10.4"]
[White "Hergotic, Mihael"]
[Black "Moric, Ivan"]
[Result "1-0"]
[WhiteElo "1476"]
[BlackElo "1907"]
[Annotator "NA"]
[PlyCount "71"]
[EventDate "2021.04.06"]
[EventType "swiss"]
[EventCountry "CRO"]
[SourceTitle "playchess.com"]
[Source "ChessBase"]
[SourceQuality "1"]
[TimeControl "5400+30"]

1. e4 {[%emt 0:00:00]} c5 {[%emt 0:00:00]} 2. Nc3 {[%emt 0:00:09]} d6 {[%emt 0:00:00]} 3. f4 {[%emt 0:00:31]} Nf6 {[%emt 0:00:00]} 4. Nf3 {[%emt 0:00:52]} a6 {[%emt 0:00:14]} 5. e5 {[%emt 0:00:41]} dxe5 {[%emt 0:01:45]} 6. fxe5 {[%emt 0:00:07]} Nd5 {[%emt 0:00:11]} 7. a4 {[%emt 0:00:55]} e6 {[%emt 0:02:28]} 8. Bc4 {[%emt 0:02:23]} Be7 {[%emt 0:01:33]} 9. O-O {[%emt 0:00:18]} O-O {[%emt 0:00:12]} 10. d3 {[%emt 0:00:48]} Nc6 {[%emt 0:01:38]} 11. Qe2 {[%emt 0:02:51]} b6 {[%emt 0:04:24]} 12. Qe4 {[%emt 0:02:09]} Ncb4 {[%emt 0:05:50]} 13. Rf2 {[%emt 0:04:03]} Bb7 {[%emt 0:01:55]} 14. Qg4 {[%emt 0:00:38]} Kh8 {[%emt 0:07:15]} 15. Ne4 {[%emt 0:04:19]} Nc6 {[%emt 0:08:00]} 16. Ng3 {[%emt 0:10:38]} Qc7 {[%emt 0:09:53]} 17. Nh5 {[%emt 0:09:35]} Rg8 {[%emt 0:02:48]} 18. Qe4 {[%emt 0:18:12]} Na5 {[%emt 0:06:43]} 19. Bg5 {[%emt 0:03:15]} Raf8 {[%emt 0:11:25]} 20. Qg4 {[%emt 0:05:00]} f6 {[%emt 0:12:35]} 21. Qxe6 {[%emt 0:00:48]} fxg5 {[%emt 0:00:24]} 22. Bxd5 {[%emt 0:00:37]} Bc8 {[%emt 0:00:18]} 23. Qxg8+ {[%emt 0:02:23]} Rxg8 {[%emt 0:00:04]} 24. Raf1 {[%emt 0:00:42]} Rf8 {[%emt 0:11:40]} 25. Nxg5 {[%emt 0:00:02]} Rxf2 {[%emt 0:00:10]} 26. Rxf2 {[%emt 0:00:04]} h6 {[%emt 0:00:29]} 27. Nf7+ {[%emt 0:03:23]} Kh7 {[%emt 0:00:09]} 28. Be4+ {[%emt 0:00:37]} g6 {[%emt 0:00:23]} 29. Rf6 {[%emt 0:01:34]} Bf5 {[%emt 0:02:19]} 30. Bxf5 {[%emt 0:00:23]} gxf5 {[%emt 0:00:54]} 31. Rxh6+ {[%emt 0:00:55]} Kg8 {[%emt 0:00:10]} 32. e6 {[%emt 0:00:20]} Bf6 {[%emt 0:01:23]} 33. Nxf6+ {[%emt 0:00:30]} Kf8 {[%emt 0:00:30]} 34. Rh8+ {[%emt 0:01:29]} Kg7 {[%emt 0:00:22]} 35. Nh5+ {[%emt 0:00:16]} Kg6 {[%emt 0:00:28]} 36. Rh6# {[%emt 0:00:12]} 1-0

[Event "Croatian junior league 2021"]
[Site "Rabac"]
[Date "2021.04.10"]
[Round "10.5"]
[White "Damjanovic, Stjepan"]
[Black "Levacic, Matej"]
[Result "0-1"]
[WhiteElo "1890"]
[BlackElo "2144"]
[Annotator "TA"]
[PlyCount "110"]
[EventDate "2021.04.06"]
[EventType "swiss"]
[EventCountry "CRO"]
[SourceTitle "playchess.com"]
[Source "ChessBase"]
[SourceQuality "1"]

{[%evp 14,110,36,29,33,3,23,22,45,-10,24,25,20,-7,18,0,0,-9,0,0,16,17,23,31,31,7,7,3,0,-12,-12,-12,-12,-12,-12,-12,-8,-12,-12,-12,-12,-12,0,-20,-19,-25,0,-25,18,11,51,23,47,-25,-32,-50,-63,-138,-126,-127,-129,-201,-101,-307,-322,-302,-283,-313,-301,-375,-368,-427,-425,-488,-513,-488,-335,-546,-511,-527,-533,-657,-621,-788,-785,-712,-718,-781,-775,-822,-611,-1031,-837,-29978,-29979,-29979,-29980,-29990,-29989]} 1. e4 c6 2. d4 d5 3. Nc3 dxe4 4. Nxe4 Bf5 5. Ng3 Bg6 6. Nf3 Nd7 7. Bd3 e6 $1 {[%mdl 4] is now more promising than 7...Bxd3.} 8. Bf4 Ngf6 {B18: Classical Caro-Kann: 4...Bf5 sidelines.} 9. c3 Nd5 10. Bg5 {[#]} Qc7 $146 {The position is equal.} ({Predecessor:} 10... Be7 11. Bxe7 Qxe7 12. O-O Nf4 13. Bc2 O-O-O 14. Qd2 Bxc2 15. Qxf4 h6 16. Rfe1 g5 {½-½ (67) Ruprich,U (2027)-Russ,C (1792) Seefeld 2002}) 11. a3 (11. Bxg6 $14 hxg6 12. O-O) 11... Nf4 12. Bxf4 Qxf4 13. Qd2 Qc7 14. Ne4 Be7 15. O-O Bh5 16. Qe3 Nf6 17. Ne5 Ng4 18. Nxg4 Bxg4 19. Qg3 (19. Rfe1 {with more complications.} Bf5 20. Nc5 Bxd3 21. Nxd3 a5 22. Rad1) 19... Qxg3 20. Nxg3 g6 21. Rae1 h5 22. h3 Bf5 23. Nxf5 gxf5 24. Re3 Kd7 25. Rfe1 Bf6 26. Be2 h4 27. Bf3 b5 28. b3 Rab8 29. Ra1 Rb6 30. Rd3 Ra6 31. Kf1 Be7 32. b4 Ra8 33. c4 ({White should play} 33. Rd2 $14) 33... bxc4 $11 34. Rc3 {[#] Threatens to win with b5!} Bxb4 35. Bxc6+ (35. Rxc4 Be7) 35... Rxc6 $17 ({Don't do} 35... Kxc6 36. Rxc4+ Kd6 37. Rxb4 $15) 36. axb4 $15 {[%mdl 4096] Endgame KRR-KRR} Kd6 37. Ra5 {[#]} (37. b5 $17 Rcc8 38. Ra5) 37... f6 (37... Rc7 $1 $19 38. Rc1 Rb8) 38. f4 $2 {This move loses the game for White.} (38. b5 $17 Rcc8 39. Ke2) 38... Rb8 $19 39. b5 Rc7 40. Kf2 Rb6 41. Ke2 Kd5 42. Ke3 Rg7 43. Rc2 Rg3+ 44. Kf2 Kxd4 45. Rxa7 $2 (45. Ra4 {keeps fighting.} Rc3 46. Re2) 45... Rxb5 46. Rd7+ Rd5 47. Rc7 c3 48. Rc1 Rc5 49. Rd7+ Kc4 50. Rd6 e5 51. Rxf6 e4 52. Rb6 Rd3 53. Ra1 c2 {Black mates.} 54. Ke2 Rb3 55. Ra4+ Kc3 {Weighted Error Value: White=0.55/Black=0.11} 0-1

[Event "Croatian junior league 2021"]
[Site "Rabac"]
[Date "2021.04.10"]
[Round "10.6"]
[White "Ljubicic, Mario"]
[Black "Mandaric, Fran"]
[Result "1/2-1/2"]
[WhiteElo "2036"]
[BlackElo "1684"]
[Annotator "TA"]
[PlyCount "47"]
[EventDate "2021.04.06"]
[EventType "swiss"]
[EventCountry "CRO"]
[SourceTitle "playchess.com"]
[Source "ChessBase"]
[SourceQuality "1"]

{[%evp 9,47,47,68,2,12,-36,-4,-60,-16,-56,43,27,31,43,84,92,83,45,47,62,43,16,10,13,24,22,71,8,15,10,13,10,31,4,20,23,27,23,32,6]} 1. e4 c5 2. b4 e6 3. bxc5 Bxc5 4. d4 Bb6 5. Nf3 Ne7 {[#]} 6. c4 $146 {B20: Sicilian: Unusual White 2nd moves.} ({White should try} 6. Bd3 $14) ({Predecessor:} 6. Be2 O-O 7. O-O d5 8. e5 h6 9. c3 Nbc6 10. Nbd2 Bd7 11. Bd3 Rc8 12. Bb2 Ng6 {0-1 (46) Hupfer,M (1484)-Scheuer,A (1600) Playchess.com INT 2020}) 6... d5 7. Nbd2 Nbc6 8. Bb2 ({White should play} 8. cxd5 $11 exd5 9. exd5 Nxd5 10. Ba3) 8... O-O 9. Be2 Ba5 (9... dxe4 $1 $15 10. Nxe4 Nf5) 10. O-O $14 Bxd2 11. Nxd2 f5 12. cxd5 exd5 13. exd5 Nxd5 14. Nc4 Be6 15. Ne5 Nxe5 16. dxe5 Nf4 {With the idea ...Qg5.} 17. Bf3 Bd5 18. Bxd5+ (18. g3 $16 Bxf3 19. Qxf3 {[%mdl 64] Double Attack}) 18... Qxd5 $11 19. Qxd5+ Nxd5 20. Rfd1 Nb6 21. Rac1 Rac8 22. Bd4 Nc4 23. f4 a6 24. a4 {Weighted Error Value: White=0.28/Black=0.25} 1/2-1/2